|
|
|
|
| LEADER |
03028nam a2200661 i 4500 |
| 001 |
nkc20162863977 |
| 003 |
CZ PrNK |
| 005 |
20180228092931.0 |
| 007 |
ta |
| 008 |
161215s2016 xr a f m 000 0 cze |
| 015 |
|
|
|a cnb002863977
|
| 020 |
|
|
|a 978-80-214-5426-2
|q (brožováno)
|
| 035 |
|
|
|a (OCoLC)993648064
|
| 040 |
|
|
|a BOA001
|b cze
|d ABA001
|e rda
|
| 041 |
0 |
|
|a cze
|b cze
|b eng
|
| 072 |
|
7 |
|a 62
|x Technika všeobecně
|2 Konspekt
|9 19
|
| 080 |
|
|
|a 62-1/-9
|2 MRF
|
| 080 |
|
|
|a 502.175:[005.41:005.936.43]
|2 MRF
|
| 080 |
|
|
|a 504.5:62
|2 MRF
|
| 080 |
|
|
|a 504.7
|2 MRF
|
| 080 |
|
|
|a 504.5
|2 MRF
|
| 080 |
|
|
|a (043.3)
|2 MRF
|
| 080 |
|
|
|a (048.3)
|2 MRF
|
| 100 |
1 |
|
|a Krbalová, Maria,
|d 1988-
|7 mzk2017939217
|4 dis
|
| 245 |
1 |
0 |
|a Posuzování vlivu na životní prostředí při konstrukci výrobních strojů z pohledu emise vybraných skleníkových plynů =
|b Assesment of the environmental impact in the design of production machines in terms of greenhouse gas emissions of selected : zkrácená verze Ph.D. Thesis /
|c autor práce Maria Krbalová
|
| 246 |
3 |
1 |
|a Assesment of the environmental impact in the design of production machines in terms of greenhouse gas emissions of selected
|
| 264 |
|
1 |
|a Brno :
|b [Vysoké učení technické],
|c 2016
|
| 300 |
|
|
|a 25 stran :
|b ilustrace ;
|c 21 cm
|
| 336 |
|
|
|a text
|b txt
|2 rdacontent
|
| 337 |
|
|
|a bez média
|b n
|2 rdamedia
|
| 338 |
|
|
|a svazek
|b nc
|2 rdacarrier
|
| 490 |
1 |
|
|a Vědecké spisy Vysokého učení technického v Brně. PhD Thesis,
|x 1213-4198 ;
|v sv. 819
|
| 500 |
|
|
|a "Obor: Konstrukční a procesní inženýrství"
|
| 500 |
|
|
|a Zkrácená verze disertace (Ph.D.)--Vysoké učení technické v Brně, Fakulta strojního inženýrství, Ústav výrobních strojů a robotiky, 2016
|
| 504 |
|
|
|a Obsahuje bibliografii
|
| 546 |
|
|
|a Anglické a české resumé
|
| 650 |
0 |
7 |
|a výrobní stroje
|7 ph127453
|2 czenas
|
| 650 |
0 |
7 |
|a posuzování životního cyklu
|7 ph183339
|2 czenas
|
| 650 |
0 |
7 |
|a průmyslové emise
|7 ph115929
|2 czenas
|
| 650 |
0 |
7 |
|a skleníkové plyny
|7 ph138719
|2 czenas
|
| 650 |
0 |
7 |
|a znečištění životního prostředí
|7 ph135331
|2 czenas
|
| 650 |
0 |
9 |
|a manufacturing machines
|2 eczenas
|
| 650 |
0 |
9 |
|a life cycle assessment
|2 eczenas
|
| 650 |
0 |
9 |
|a industrial emissions
|2 eczenas
|
| 650 |
0 |
9 |
|a greenhouse gases
|2 eczenas
|
| 650 |
0 |
9 |
|a environmental pollution
|2 eczenas
|
| 655 |
|
7 |
|a disertace
|7 fd132024
|2 czenas
|
| 655 |
|
7 |
|a teze
|7 fd133701
|2 czenas
|
| 655 |
|
9 |
|a dissertations
|2 eczenas
|
| 655 |
|
9 |
|a abstracts
|2 eczenas
|
| 710 |
2 |
|
|a Vysoké učení technické v Brně.
|b Ústav výrobních strojů, systémů a robotiky
|7 kn20020808059
|4 isb
|
| 810 |
2 |
|
|a Vysoké učení technické v Brně.
|t Vědecké spisy.
|p PhD Thesis
|0 s
|
| 910 |
2 |
|
|a BOA001
|b 2-1381.026
|
| 990 |
|
|
|a BK
|
| 995 |
|
|
|a 01
|
| 991 |
|
|
|b 201702
|c NOV
|
| 996 |
6 |
|
|b 2610692942
|c 2-1381.026
|l MZK
|r Sklad / do 1 hodiny
|n 1
|p p.v.
|w 001595113
|u 000010
|a 1
|e BOA001
|j MZK50
|s P
|
| 996 |
7 |
|
|b 2610692943
|c 2-1381.026
|l MZK
|r Sklad / do 1 hodiny
|n 1
|p p.v.
|w 001595113
|u 000020
|a 1
|e BOA001
|j MZK50
|s A
|